000 00453nam a2200169Ia 4500
008 090711s9999 xx 000 0 und d
082 _b1647
100 _aबापट वसंत
245 _aफिरकी
260 _bसाधना प्रकाशन
_c1994
300 _a30
600 _aबापट वसंत
630 _aफिरकी
700 _aबापट वसंत
730 _aफिरकी
942 _cBOOK
999 _c334519
_d334519